000 00437nam a2200193Ia 4500
008 210210b1999 xxu||||| |||| 00| 0 eng d
041 _aeng
082 _a510 BOSS
100 _aBOSCO (S S)
245 _aSuppliment I puc text book
260 _aMangalore
_bBoscoss Publications
_c1999
650 _atext
650 _aSuppliment
650 _apuc
650 _aI
650 _abook
690 _aMathematics
906 _a054449
999 _c127595
_d127595